| 000 -ლიდერი |
| ფიქსირებული სიგრძის საკონტროლო ველი |
01168nam a2200253Ia 4500 |
| 001 - საკონტროლო ნომერი |
| საკონტროლო ველი |
20482 |
| 003 - საკონტროლო ნომრის იდენტიფიკატორი |
| საკონტროლო ველი |
GE_BSU |
| 005 - ბოლო ოპერაციის თარიღი და დრო |
| საკონტროლო ველი |
20210102222839.0 |
| 008 - ფიქსირებული სიგრძის მონაცემთა ელემენტები - ზოგადი ინფორმაცია |
| ფიქსირებული სიგრძის საკონტროლო ველი |
181216s1977||||ge |||||||||||||| || || |
| 040 ## - კატალოგიზაციის წყარო |
| Transcribing agency |
GE_BSU |
| 041 ## - ენის კოდი |
| Language code of text/sound track or separate title |
geo |
| 080 ## - უნივერსალური ათობითი კლასიფიკაციის ინდექსი |
| Universal Decimal Classification number |
811.353.1-84(075.3) რ-21 |
| 100 ## - მთავარი ჩანაწერი - პიროვნების სახელი |
| Personal name |
რამიშვილი, ვ. |
| 9 (RLIN) |
9964 |
| 245 ## - ცნობა სათაურის შესახებ |
| Title |
ქართული ენა : |
| Remainder of title |
მე-3 კლ. სახელმძღვ. / |
| Statement of responsibility, etc |
ვ. რამიშვილი, თ. ჩერქეზიშვილი, შ. თაბუკაშვილი ; რედ. ლ. კვინიკაძე. |
| Medium |
|
| 264 ## - წარმოების, გამოცემის, დისტრიბუციის და სხვა ცნობები |
| გამოცემის, წარმოების, დისტრიბუციის... ადგილი |
თბილისი : |
| გამოცემის, წარმოების, დისტრიბუციის... სახელწოდება |
განათლება, |
| გამოცემის, წარმოების, დისტრიბუციის... თარიღი |
1977. |
| 300 ## - ფიზიკური აღწერა |
| Extent |
222გვ. : |
| Other physical details |
ილ. ; |
| Dimensions |
22სმ. |
| 653 ## - INDEX TERM--UNCONTROLLED |
| Uncontrolled term |
მე-3 კლასის სახელმძღვანელო |
| 653 ## - INDEX TERM--UNCONTROLLED |
| Uncontrolled term |
ქართული ენა |
| 700 ## - ADDED ENTRY--PERSONAL NAME |
| Personal name |
ჩერქეზიშვილი, თ. |
| Relator term |
რედაქტორი |
| 9 (RLIN) |
9965 |
| 700 ## - ADDED ENTRY--PERSONAL NAME |
| Personal name |
თაბუკაშვილი, შ. |
| Relator term |
რედაქტორი |
| 9 (RLIN) |
9966 |
| 700 ## - ADDED ENTRY--PERSONAL NAME |
| Personal name |
კვინიკაძე, ლ. |
| Relator term |
რედაქტორი |
| 9 (RLIN) |
9831 |
| 942 ## - ADDED ENTRY ELEMENTS (KOHA) |
| Koha item type |
წიგნი |
| Source of classification or shelving scheme |
|